Transistor circuit design (Record no. 23504)

000 -LEADER
fixed length control field 00584nam a22002171 4500
001 - CONTROL NUMBER
control field 23504
003 - CONTROL NUMBER IDENTIFIER
control field BD-DhUET
008 - FIXED-LENGTH DATA ELEMENTS--GENERAL INFORMATION
fixed length control field 721219s1963 nyua b 000 0 eng
040 ## - CATALOGING SOURCE
Original cataloging agency DLC
Transcribing agency DLC
Modifying agency BD-DhUET
082 ## - DEWEY DECIMAL CLASSIFICATION NUMBER
Classification number 623.8151
Item number TEX/1963
110 ## - MAIN ENTRY--CORPORATE NAME
Corporate name or jurisdiction name as entry element Texas Instruments Incorporated
245 10 - TITLE STATEMENT
Title Transistor circuit design
250 ## - EDITION STATEMENT
Edition statement 1st ed.
260 ## - PUBLICATION, DISTRIBUTION, ETC. (IMPRINT)
Place of publication, distribution, etc. New York
Name of publisher, distributor, etc. McGraw-Hill
Date of publication, distribution, etc. 1963
300 ## - PHYSICAL DESCRIPTION
Extent xi, 523 p.
Other physical details ill.
Dimensions 26 cm.
504 ## - BIBLIOGRAPHY, ETC. NOTE
Bibliography, etc Includes bibliographies
650 #0 - SUBJECT ADDED ENTRY--TOPICAL TERM
Topical term or geographic name as entry element Transistor : Electronics
700 ## - ADDED ENTRY--PERSONAL NAME
Personal name Walston, Joseph A.
700 ## - ADDED ENTRY--PERSONAL NAME
Personal name Miller, John R.
942 ## - ADDED ENTRY ELEMENTS (KOHA)
Koha item type Corporate Publication
Holdings
Lost status Not for loan Sublocation or collection (holding branch) Koha date last seen Koha normalized classification for sorting Shelving location Koha full call number Piece designation (barcode) Date acquired Damaged status Copy number Price effective from Source of classification or shelving scheme Koha item type Withdrawn status Location (home branch)
  Central Library, BUET2015-05-04623_815100000000000_TEX_1963Circulation section623.8151/TEX/1963 306102015-05-04 12015-05-04 Corporate Publication Central Library, BUET
  Central Library, BUET2015-05-04623_815100000000000_TEX_1963Circulation section623.8151/TEX/1963306072015-05-04 22015-05-04 Corporate Publication Central Library, BUET
  Central Library, BUET2015-05-04623_815100000000000_TEX_1963Circulation section623.8151/TEX/1963 306122015-05-04 32015-05-04 Corporate Publication Central Library, BUET
  Central Library, BUET2015-05-04623_815100000000000_TEX_1963Circulation section623.8151/TEX/1963306132015-05-04 42015-05-04 Corporate Publication Central Library, BUET
  Central Library, BUET2015-05-04623_815100000000000_TEX_1963Circulation section623.8151/TEX/1963 266872015-05-04 52015-05-04 Corporate Publication Central Library, BUET
  Central Library, BUET2015-05-07623_815100000000000_TEX_1963Circulation section623.8151/TEX/1963306082015-05-07 62015-05-07 Corporate Publication Central Library, BUET
  Central Library, BUET2015-05-07623_815100000000000_TEX_1963Circulation section623.8151/TEX/1963306062015-05-07 72015-05-07 Corporate Publication Central Library, BUET
  Central Library, BUET2015-05-07623_815100000000000_TEX_1963Circulation section623.8151/TEX/1963306092015-05-07 82015-05-07 Corporate Publication Central Library, BUET
  Central Library, BUET2015-06-25623_815100000000000_TEX_1963Reading section623.8151/TEX/1963306042015-06-25 92015-06-25 Corporate Publication Central Library, BUET
  Central Library, BUET2015-06-25623_815100000000000_TEX_1963Reading section623.8151/TEX/196399682015-06-25 102015-06-25 Corporate Publication Central Library, BUET
  Central Library, BUET2015-06-25623_815100000000000_TEX_1963Reading section623.8151/TEX/1963306052015-06-25 112015-06-25 Corporate Publication Central Library, BUET